000 00964nam a2200265 i 4500
001 177358
003 ES-MaACL
005 20230906220318.0
008 110317s2009 sp |||| | cat d
020 _a978-84-87064-69-2
080 _a061.22(460.235 B.)(091)
100 1 _aMarín Silvestre, Dolors.
_9129679
245 1 0 _aMemòria històrica dels ateneus a Catalunya
_b: un patrimoni de pràctica associativa i una història que cal rescatar /
_cDolors Marín Silvestre.
260 _aBarcelona :
_bFundació Ferrer i Guàrdia,
_cimp. 2009.
300 _a35 p. ;
_c21 cm.
490 1 _aQuaderns d'història ;
_v3
504 _aBibliografía: p. 34-35.
546 _aTexto en catalán.
650 4 _aAteneos-
_zCataluña.
_9168898
650 0 4 _aInstituciones culturales-
_zEspaña.
_913831
710 2 _aFundación Francisco Ferrer.
_9145187
830 0 _aQuaderns d'història ;
_v3
_9224164
852 _aES-MaACL
_j2275-F-2
999 _c177358
_d177358